000 00692nam a2200241Ia 4500
003 OSt
005 20220923224944.0
006 a|||||r|||| 00| 0
007 ta
008 220922b |||||||| |||| 00| 0 hin d
024 _a254,243
037 _cTextual
040 _aARTS
_cARTS
_bhin
041 _2hin
_ahin
082 _aO152,3N3213x, L8
100 _aअणखी, रामसरूप
245 0 _aपानी बरसा था
246 _aPānī barasā thā
260 _c1978
650 _aहिन्दी साहित्य
_9156264
942 _hO152,3N3213x, L8
_cTEXL
_2CC
999 _c374956
_d374956